000 00892cam a22002777a 4500
003 CHAP
005 20220329135052.0
008 971013s r 00010 d
010 _a30419
011 _a31391
035 _a35503
040 _cCHAP
090 _aFolleto 2805y
100 0 0 _aMansfield, Terence Arthur.
_970563
245 1 4 _aLos estomas
_b: dispositivos sensores versátiles, pero difíciles sujetos de experimentación
260 _a(s.l. :
_bs.e.),
_c(s.a.)
300 _a15 h.
_b; láms
500 _aTrad. de: Journal of Biological Education 5:115-123, 1971
590 _aBATCH-UPD
_b10
_c20130110
_lUCH01
_h1346
590 _aCONVERSION
_b10
_c20130109
_lUCH01
_h1317
650 1 4 _aEstomas.
_938345
901 _aBK
942 _cFOLL
949 _aFolleto 2805y
_bBC
_cFOLL
_d-82148
_eTS1
_i35503
_mD
_si
949 _aFolleto 2805y
_bBC
_cFOLL
_d-82149
_eTS2
_fc.2
_i35503
_mD
_si
999 _c30419
_d30419